000 00445nam a2200181Ia 4500
001 7513
005 20260306160501.0
008 260306t2001||||xx |||||||||||||| ||spa||
041 _aESP
082 _a339
_bP45
100 _aPérez Enrri, Daniel.
_eAUT
245 0 _aMacroeconomía:
_bguía de ejercicios y aplicaciones
260 _c2001
300 _a218 páginas :
_c25 cm.
650 _aGEN
654 _aCAN
942 _cLIB
_dJUS
_fJUS
_2ddc
_n
999 _c7513
_d7513